All foreign players Valencia CF - Statistics

General Stats
  • This quiz has been taken 41 times
  • The average score is 73 of 216
Answer Stats
Hint Answer % Correct
Geoffrey Kondogbia
95%
Denis Cheryshev
86%
Giorgi Mamardashvili
86%
Kevin Gameiro
86%
Rodrigo De Paul
86%
Kang-In Lee
81%
Sofiano Féghouli
81%
Gabriel Paulista
76%
Pablo Aimar
76%
Andrés Guardado
71%
Claudio López
71%
Daniel Wass
71%
Diego Alves
71%
Enzo Pérez
71%
Ezequiel Garay
71%
Justin Kluivert
71%
Patrick Kluivert
71%
Ricardo Costa
71%
Shkodran Mustafi
71%
André Gomes
67%
Francis Coquelin
67%
Nicolás Otamendi
67%
Simone Zaza
67%
Alberto Costa
62%
Amedeo Carboni
62%
Édinson Cavani
62%
Gonçalo Guedes
62%
Hélder Costa
62%
Jeison Murillo
62%
João Pereira
62%
Jonas
62%
Manuel Fernandes
62%
Predrag Mijatović
62%
Salif Keïta
62%
Seydou Keita
62%
Yunus Musah
62%
Adrian Ilie
57%
Cristiano Piccini
57%
Gonzalo De Los Santos
57%
Jérémy Mathieu
57%
Mario Kempes
57%
Mathew Ryan
57%
Maximiliano Gómez
57%
Mehmet Topal
57%
Miguel
57%
Neto
57%
Sabin Ilie
57%
Samuel Lino
57%
Aníbal Pérez
52%
Aymen Abdennour
52%
Dimitri Foulquier
52%
Éver Banega
52%
Mauricio Pellegrino
52%
Mohamed Sissoko
52%
Nani
52%
Omar Alderete
52%
Philippe Senderos
52%
Rommel Fernández
52%
Adil Rami
48%
Andreas Pereira
48%
Cristian González
48%
Eliaquim Mangala
48%
Facundo Roncaglia
48%
Hedwiges Maduro
48%
Ignacio González
48%
Jasper Cillessen
48%
João Cancelo
48%
John Carew
48%
Marius Stankevičius
48%
Roman Yaremchuk
48%
Romário
48%
Thierry Correia
48%
Timo Hildebrand
48%
Aly Cissokho
43%
Didier Deschamps
43%
Eduardo Vargas
43%
Marcos André
43%
Michy Batshuayi
43%
Mouctar Diakhaby
43%
Munir
43%
Nikola Žigić
43%
Pablo Piatti
43%
Patrick Cutrone
43%
Roberto Ayala
43%
Uroš Račić
43%
André Almeida
38%
Fabián Orellana
38%
Jocelyn Angloma
38%
Luboslav Penev
38%
Luciano Vietto
38%
Marco Di Vaio
38%
Vinícius Araújo
38%
Zakaria Bakkali
38%
Bruno Zuculini
33%
Christian Oliva
33%
Danilo Barbosa
33%
Eray Cömert
33%
Federico Cartabia
33%
Ferro
33%
Filipe Augusto
33%
Hélder Postiga
33%
Miroslav Đukić
33%
Nelson Valdez
33%
Nemanja Maksimović
33%
Ricardo Oliveira
33%
Valeriy Karpin
33%
Alejandro Domínguez
29%
Fernando Gago
29%
Goran Vlaović
29%
Ilaix Moriba
29%
Joachim Björklund
29%
Lucas Orbán
29%
Óscar Valdez
29%
Renan
29%
Rúben Vezo
29%
Selim Amallah
29%
Siqueira
29%
Stefano Fiore
29%
Aderlan
24%
Alessandro Florenzi
24%
Ariel Ortega
24%
Bernardo Corradi
24%
Cenk Özkaçar
24%
Diego Alonso
24%
Dorlan Pabón
24%
Emiliano Moretti
24%
Fernando Cáceres
24%
Mazinho
24%
Néstor Canobbio
24%
Sunny
24%
Waldo
24%
Zlatko Zahovič
24%
Alessandro Burlamaqui
19%
Dennis Șerban
19%
Edu Gaspar
19%
Fábio Aurélio
19%
Francesco Tavano
19%
Gabriel Popescu
19%
Hugo Viana
19%
Koba Koindredi
19%
Ludovic Butelle
19%
Marco Caneira
19%
Mario Regueiro
19%
Natxo Insa
19%
Rabah Madjer
19%
Ángel Amarilla
14%
Anthony Réveillère
14%
Fernando Morena
14%
Ibrahim Diallo
14%
Jean-Félix Dorothée
14%
Joel Johnson
14%
Kevin Sibille
14%
Leonardo
14%
Luis Flores
14%
Miku Fedor
14%
Miodrag Belodedici
14%
Nico Olivera
14%
Thiago Carleto
14%
Viola
14%
Wilfried Zahibo
14%
Alain Roche
10%
Carlos Diarte
10%
Chicao
10%
Cristiano Figueiredo
10%
Cristiano Lucarelli
10%
Daniel Fagiani
10%
Darío Felman
10%
Faas Wilkes
10%
Fabián Estoyanoff
10%
Frank Arnesen
10%
Guillermo Morigi
10%
Guillermo Villagra
10%
Gustavo Campagnuolo
10%
Hector Núñez
10%
Horacio Herrero
10%
Ibán Salvador
10%
Johnny Rep
10%
José Del Solar
10%
José Iglesias
10%
Juan Urruti
10%
Kurt Jara
10%
Kurt Welzl
10%
Lion Kaak
10%
Marcelinho Carioca
10%
Miguel Adorno
10%
Miguel Bossio
10%
Moussa Saïb
10%
Nicolas Karlamoff
10%
Oleg Salenko
10%
Orlando Jiménez
10%
Rainer Bonhof
10%
Rubén Ciraolo
10%
Toni
10%
Vicente Jara
10%
Víctor Aristízabal
10%
Walter
10%
Wilmar Cabrera
10%
Basilio Padrón
5%
Carlos Sanabria
5%
Eufemio Cabral
5%
Higinio Ortúzar
5%
János Aknar
5%
Joël
5%
Jose Aveiro
5%
José Sánchez Lage
5%
Juan Ocampos
5%
Lassina Sangaré
5%
Leandro Machado
5%
Machado
5%
Mariano Konyk
5%
Óscar Lleida
5%
Recaman
5%
Romero Espinosa
5%
Stefan Schwarz
5%
Steve Mokone
5%
Tiago Ribeiro
5%
No matching quizzes found
Score Distribution
Percent of People with Each Score
Percentile by Number Answered
Your Score History
You have not taken this quiz